Billy Joel Lyrics Quiz (Part 09) - Statistics

General Stats
  • This quiz has been taken 96 times
    86 since last reset
  • The average score is 83 of 198
Answer Stats
Answer % Correct
I
96%
a
90%
the
86%
The
86%
you
83%
me
78%
she
72%
to
71%
be
69%
can
67%
in
67%
In
67%
And
64%
do
64%
When
63%
her
60%
is
60%
it
60%
am
57%
my
57%
there
54%
know
53%
of
53%
what
53%
for
51%
don't
49%
that
47%
always
46%
It's
46%
all
44%
All
44%
But
44%
I'll
44%
she's
43%
will
43%
how
42%
never
40%
see
40%
they're
39%
down
38%
has
38%
been
36%
I've
36%
take
35%
get
33%
got
33%
time
33%
Because
32%
Oh
32%
though
31%
would
31%
good
26%
make
26%
play
25%
eyes
24%
I'd
24%
music
24%
Rosalinda
24%
Rosalinda's
24%
says
24%
alone
22%
anything
22%
before
22%
dancing
22%
everywhere
22%
find
22%
nights
22%
town
22%
away
21%
Cuban
21%
everything
21%
fire
21%
skies
21%
Spanish
21%
Crazy
19%
dies
19%
hard
19%
Havana
19%
part
19%
soon
19%
chance
18%
cries
18%
Herald
18%
knows
18%
searching
18%
seen
18%
solo
18%
Square
18%
understands
18%
gives
17%
Latin
17%
Senorita
17%
smiles
17%
anyone
15%
hands
15%
lonely,
15%
return
15%
tears
15%
work
15%
band
13%
clothes
13%
Puerto
13%
Rican
13%
Hardly
11%
wedding
11%
Union
10%
wages,
10%
No matching quizzes found
Score Distribution
Percent of People with Each Score
Percentile by Number Answered
Your Score History
You have not taken this quiz since the last reset